| 000 -LEADER |
| fixed length control field |
00725nam a2200229 4500 |
| 001 - CONTROL NUMBER |
| control field |
477 |
| 003 - CONTROL NUMBER IDENTIFIER |
| control field |
BD-DhUAP |
| 005 - DATE AND TIME OF LATEST TRANSACTION |
| control field |
20200126095359.0 |
| 008 - FIXED-LENGTH DATA ELEMENTS--GENERAL INFORMATION |
| fixed length control field |
200126s1995 enk||||| b||| 001 0 eng d |
| 020 ## - INTERNATIONAL STANDARD BOOK NUMBER |
| International Standard Book Number |
0080424007 |
| 040 ## - CATALOGING SOURCE |
| Original cataloging agency |
BD-DhUAP |
| Language of cataloging |
Eng |
| Transcribing agency |
BD-DhUAP |
| Modifying agency |
BD-DhUAP |
| 082 ## - DEWEY DECIMAL CLASSIFICATION NUMBER |
| Edition number |
23 |
| Classification number |
302.2 DIS |
| 245 ## - TITLE STATEMENT |
| Title |
The discourse of negotiation : |
| Remainder of title |
studies of language in the workplace / |
| Statement of responsibility, etc. |
edited by Alan Firth. |
| 250 ## - EDITION STATEMENT |
| Edition statement |
1st ed. |
| 260 ## - PUBLICATION, DISTRIBUTION, ETC. |
| Place of publication, distribution, etc. |
Oxford, OX, UK ; Tarrytown, N.Y., U.S.A. : |
| Name of publisher, distributor, etc. |
Pergamon, |
| Date of publication, distribution, etc. |
c1995. |
| 300 ## - PHYSICAL DESCRIPTION |
| Extent |
xv, 436 pages ; |
| Dimensions |
23 cm. |
| 504 ## - BIBLIOGRAPHY, ETC. NOTE |
| Bibliography, etc. note |
Includes bibliographies and index. |
| 650 ## - SUBJECT ADDED ENTRY--TOPICAL TERM |
| Topical term or geographic name entry element |
Interpersonal communication. |
| 650 ## - SUBJECT ADDED ENTRY--TOPICAL TERM |
| Topical term or geographic name entry element |
Negotiation in business. |
| 700 ## - ADDED ENTRY--PERSONAL NAME |
| Personal name |
Firth, Alan. |
| 942 ## - ADDED ENTRY ELEMENTS (KOHA) |
| Source of classification or shelving scheme |
|
| Koha item type |
Book |